000 00448nmm a2200169Ia 4500
008 251105s9999||||xx |||||||||||||||||und||
020 _a9788493944353
041 _aspa
100 _aVersus, Marcus
245 0 _aHabitación 804
264 _a[Madrid, España] :
_bEutelequia,
_c2012
300 _a160 páginas
490 _aNarrativa
650 _aSpanish narrative
856 _uhttps://public.digitaliapublishing.com/a/17492
942 _cCF
999 _c89292
_d89292